| 000 | 00568nam a22001697a 4500 | ||
|---|---|---|---|
| 999 |
_c165601 _d165601 |
||
| 005 | 20200915112240.0 | ||
| 010 | _aB-125735 | ||
| 020 |
_c160.00 _a9789387696600 |
||
| 035 | _aEN-109267 | ||
| 037 | _bDBAD/PUB | ||
| 082 | _a649.1 | ||
| 245 |
_aComplete Parenting: _bhow to raise your child with grace |
||
| 260 |
_aPune _bTejgyan Global Foundation _c2019 |
||
| 270 |
_aHappy Thoughts Building, Vikrant Complex, Near Tapovan Mandir, Pimpri, _b Pune, Maharashtra _e411017 _k020 27412576 |
||
| 300 |
_a168p. _c22cm(pbk) |
||
| 942 |
_2ddc _cEN _h649.1 _mCOM |
||